1230 1118 1596 1549 1132 1273 1474 1420 1715 1334 1513 1340 1953 1142 1139 1840 1347 1485 1797 1737 1285 1860 1948 1072 1891 1831 1278 1387 1689 1418 1375 1198 1215 1665 1717 1942 1410 1761 1081 1019 1240 1375 1020 1749 1291 1538 1425 1388 1419 1653 1453 1137 1396 1220 1731 1448 1089 1488 1586 1820 1404 1543 1094 1470 1984 1649 1718 1300 1684 1590 1760 1384 1862 1960 1109 1324 1136 1343 1799 1745 1937 1218 1179 1768 1038 1277 1396 1649 1534 1705 1388 1157 1897 1756 1315 1478 1894 1906 1215 BCNSPRNW ULIB Ver.6.0+V

เปลี่ยนเป็นภาษาไทย

Change to English
 แสดงรายละเอียดบรรณานุกรม
  กลับหน้าหลัก

Brief Record : Get Marc (ISO 2709) : E-mail record : QR code < ปิดหน้าต่าง
LEADER : 00000nam 2200000uu 4500
001    13399121177
003     ULIB
008    121108s2549||||th 000 0 tha d
020    ^a9789747216646
050  4 ^aJC571^bจ157บ
100 0  ^aจรัล ดิษฐาอภิชัย
245 10 ^aบนหนทางสิทธิมนุษยชน /^cจรัล ดิษฐาอภิชัย
260    ^aกรุงเทพฯ :^bสถาบันนโยบายศึกษา,^c2549
300    ^a136 หน้า ;^c21 ซม.
650  4 ^aสิทธิมนุษยชน
710 2  ^aสถาบันนโยบายศึกษา
945    ^p150^l0^i14149
995    ^aวิภา
999 ^a ทศพร
รายการนี้ยังไม่มีแท็ก
คุณยังไม่ได้ล็อกอิน คุณสามารถมีกิจกรรมร่วมกับเว็บไซต์ได้ แต่ต้องล็อกอินก่อน ::
  ล็อกอิน

รายการสื่อสารสนเทศ

ลำดับที่ ประเภท เลขเรียก/บาร์โค้ด สถานที่ สถานะ
1. วิทยาศาสตร์การแพทย์ และสุขภาพ
วิทยาศาสตร์การแพทย์ และสุขภาพ
JC571 จ157บ  
  Barcode: 14149
ห้องสมุดวิทยาเขตสวรรค์ประชารักษ์
►หนังสือทั่วไป
บนชั้น

รายการใกล้เคียง
    ผู้แต่ง [จรัล ดิษฐาอภิชัย]

    หัวเรื่อง [สิทธิมนุษยชน]

BibComment


ยังไม่เคยถูกคอมเมนท์

คอมเมนท์ทรัพยากรรายการนี้
  คอมเมนท์: บนหนทางสิทธิมนุษ..


 Copyright 2026. Bcnsprnw @Library